[Event "La Paz op"]
[Site "La Paz"]
[Date "2022.09.15"]
[Round "1"]
[White "Garcia Vega, Lenin"]
[Black "Rocha, Ignacio"]
[Result "0-1"]
[WhiteElo "1239"]
[BlackElo "1806"]
[PlyCount "58"]
[EventDate "2022.09.15"]
[EventType "swiss"]
[EventRounds "7"]
[EventCountry "BOL"]
[SourceTitle "EXT 2023"]
[Source "ChessBase"]
[SourceDate "2022.10.05"]
[SourceVersion "1"]
[SourceVersionDate "2022.10.05"]
[SourceQuality "1"]

1. d4 e6 2. e4 d5 3. e5 c5 4. c3 Nc6 5. Nf3 Qb6 6. b3 cxd4 7. cxd4 Bb4+ 8. Ke2 Nge7 9. a3 Qa6+ 10. Ke3 Nf5+ 11. Kf4 Qa5 12. Bb2 Be7 13. g4 g5+ 14. Nxg5 Bxg5+ 15. Kxg5 Qd8+ 16. Kf4 Rg8 17. h4 Nxh4 18. Bd3 h5 19. Rg1 Qg5+ 20. Kg3 Qxg4+ 21. Qxg4 Rxg4+ 22. Kh3 Rxg1 23. Kxh4 Bd7 24. Nd2 Rg4+ 25. Kxh5 Rg2 26. Bc3 0-0-0 27. Kh6 Rh8+ 28. Bh7 Rg6+ 29. Kh5 Rxh7# 0-1

[Event "La Paz Adalp op"]
[Site "La Paz"]
[Date "2020.02.12"]
[Round "8"]
[White "Rocha, Ignacio"]
[Black "Delgadillo, Adonai"]
[Result "0-1"]
[WhiteElo "1770"]
[BlackElo "2252"]
[PlyCount "72"]
[EventDate "2020.02.07"]
[EventType "swiss"]
[EventRounds "9"]
[EventCountry "BOL"]
[SourceTitle "CBM 195 Extra"]
[Source "ChessBase"]
[SourceDate "2020.05.31"]
[SourceVersion "1"]
[SourceVersionDate "2020.05.31"]
[SourceQuality "1"]

1. e4 c5 2. Nf3 d6 3. d4 cxd4 4. Nxd4 Nf6 5. Nc3 a6 6. f3 e5 7. Nb3 Be7 8. Be3 0-0 9. Qd2 Be6 10. 0-0-0 a5 11. Qf2 Qc8 12. Na4 Nfd7 13. Bb5 Bc4 14. Bxd7 Nxd7 15. Nc3 a4 16. Nd2 a3 17. Nb3 axb2+ 18. Kxb2 Qc6 19. Nd5 Bxd5 20. exd5 Qa4 21. Ra1 Rfc8 22. Rhd1 Bf6 23. Kb1 Qa3 24. g4 g6 25. f4 exf4 26. Bd4 Be5 27. Bxe5 dxe5 28. Rd3 e4 29. Rh3 Qd6 30. Qh4 Nf8 31. g5 e3 32. Kc1 Qxd5 33. Qxf4 Qg2 34. Nd4 Qxh3 35. Kb2 Ne6 36. Nxe6 Qxe6 0-1

[Event "La Paz Adalp Cup"]
[Site "La Paz"]
[Date "2017.03.03"]
[Round "4"]
[White "Duran Luna, Oliver"]
[Black "Rocha, Ignacio"]
[Result "0-1"]
[WhiteElo "1654"]
[BlackElo "1743"]
[PlyCount "40"]
[EventDate "2017.02.20"]
[EventType "tourn"]
[EventRounds "11"]
[EventCountry "BOL"]
[SourceTitle "CBM 177 Extra"]
[Source "ChessBase"]
[SourceDate "2017.04.27"]
[SourceVersion "1"]
[SourceVersionDate "2017.04.27"]
[SourceQuality "1"]

1. e4 e6 2. c4 d5 3. cxd5 exd5 4. exd5 Nf6 5. Bc4 Nbd7 6. Qa4 Be7 7. Nf3 0-0 8. 0-0 Nb6 9. Qb3 Nxc4 10. Qxc4 Qxd5 11. Qxc7 Bd6 12. Qc2 Bg4 13. Nc3 Qh5 14. Qd3 Rad8 15. Qb5 Bxf3 16. Qxh5 Bxh5 17. f3 Bc5+ 18. Kh1 Bg6 19. f4 Bd3 20. Rf3 Rfe8 0-1

[Event "La Paz Adalp Cup"]
[Site "La Paz"]
[Date "2017.02.21"]
[Round "2"]
[White "Maceda, Marcio"]
[Black "Rocha, Ignacio"]
[Result "0-1"]
[WhiteElo "2037"]
[BlackElo "1743"]
[PlyCount "40"]
[EventDate "2017.02.20"]
[EventType "tourn"]
[EventRounds "11"]
[EventCountry "BOL"]
[SourceTitle "CBM 177 Extra"]
[Source "ChessBase"]
[SourceDate "2017.04.27"]
[SourceVersion "1"]
[SourceVersionDate "2017.04.27"]
[SourceQuality "1"]

1. e4 e6 2. d4 d5 3. Nc3 Bb4 4. e5 c5 5. a3 Bxc3+ 6. bxc3 Qc7 7. Qg4 f5 8. Qh5+ g6 9. Qd1 Nc6 10. Nf3 Bd7 11. Be2 h6 12. h4 Nge7 13. a4 cxd4 14. cxd4 Nb4 15. c3 Qxc3+ 16. Bd2 Nc2+ 17. Kf1 Qxa1 18. Qxa1 Nxa1 19. Bd1 Rc8 20. Ke2 Nc2 0-1

[Event "La Paz Primera Categoria Adalp"]
[Site "La Paz"]
[Date "2017.01.31"]
[Round "4.2"]
[White "Rocha, Ignacio"]
[Black "Aramayo, Gabriel"]
[Result "0-1"]
[WhiteElo "1743"]
[BlackElo "1902"]
[PlyCount "78"]
[EventDate "2017.01.26"]
[EventType "swiss"]
[EventRounds "7"]
[EventCountry "BOL"]
[SourceTitle "EXT 2024"]
[Source "ChessBase"]
[SourceDate "2023.10.10"]
[SourceVersion "1"]
[SourceVersionDate "2023.10.10"]
[SourceQuality "1"]

1. e4 c5 2. Nf3 Nc6 3. d4 cxd4 4. Nxd4 Nf6 5. Nc3 e5 6. Ndb5 d6 7. Bg5 a6 8. Bxf6 gxf6 9. Na3 b5 10. Nd5 Bg7 11. c3 f5 12. Bd3 Be6 13. c4 bxc4 14. Nxc4 0-0 15. Ncb6 Rb8 16. exf5 Bxd5 17. Nxd5 Qa5+ 18. Nc3 Rxb2 19. 0-0 d5 20. f6 Bxf6 21. Nxd5 Bg7 22. Qh5 f5 23. Bc4 Kh8 24. Rac1 Rd2 25. Ne3 Nd4 26. Qg5 f4 27. Ng4 f3 28. Rfd1 Ne2+ 29. Bxe2 Rxd1+ 30. Bf1 Qd2 31. Qxd2 Rxd2 32. Bxa6 h5 33. Ne3 fxg2 34. Nxg2 Rfxf2 35. Rc8+ Kh7 36. Bb7 Rfe2 37. h4 e4 38. Kh1 Rd1+ 39. Kh2 Be5+ 0-1

[Event "La Paz Primera Categoria Adalp"]
[Site "La Paz"]
[Date "2017.01.30"]
[Round "3.4"]
[White "Perez Alvarado, Jose Luis"]
[Black "Rocha, Ignacio"]
[Result "0-1"]
[WhiteElo "1617"]
[BlackElo "1743"]
[PlyCount "108"]
[EventDate "2017.01.26"]
[EventType "swiss"]
[EventRounds "7"]
[EventCountry "BOL"]
[SourceTitle "EXT 2024"]
[Source "ChessBase"]
[SourceDate "2023.10.10"]
[SourceVersion "1"]
[SourceVersionDate "2023.10.10"]
[SourceQuality "1"]

1. e4 e6 2. d4 d5 3. Nc3 Bb4 4. e5 c5 5. a3 Bxc3+ 6. bxc3 Qc7 7. Qg4 f5 8. Bb5+ Nc6 9. Qh5+ g6 10. Qh4 cxd4 11. Bxc6+ bxc6 12. cxd4 c5 13. c3 cxd4 14. Qxd4 Bd7 15. Ne2 Bb5 16. Nf4 Qd7 17. Rb1 Bc4 18. Rb4 Ne7 19. Rxc4 dxc4 20. Qxc4 Kf7 21. 0-0 Rhc8 22. Qd4 Qxd4 23. cxd4 Rc4 24. Be3 Nc6 25. Rd1 g5 26. Nh3 h6 27. f4 g4 28. Nf2 Rd8 29. h3 gxh3 30. Nxh3 Nxd4 31. Kf1 Rd5 32. Ng1 Nc2 33. Re1 Nxe3+ 34. Rxe3 Rxf4+ 35. Ke2 Rg4 36. g3 f4 37. Re4 Rxg3 38. Rxf4+ Ke7 39. Nf3 Rg2+ 40. Ke3 Ra2 41. Ra4 a5 42. Ke4 Re2+ 43. Kf4 Rf2 44. Ke3 Rxf3+ 45. Kxf3 Rxe5 46. Rh4 h5 47. Rd4 Rf5+ 48. Kg3 Kf6 49. Re4 Rb5 50. Rc4 e5 51. Rc1 Rd5 52. Rc6+ Kf5 53. Kh4 Rd3 54. Rc4 Rxa3 0-1